000 00229nam a2200097Ia 4500
008 240331s9999 xx 000 0 und d
082 _bGRA
100 _aGray, J
245 0 _aLiberalism :
_bessays in political philosophy
942 _cL
999 _c2517
_d2517